000 01269nam a22003857a 4500
001 0009976
003 KOHA_MİRAKIL
005 20260207001729.0
007 ta
008 091030b1992 tu |||gr||||#||||0|tur |
020 _a9757657158
_c0,01
040 _aTR-BiSEU
_btur
_cTR-BiSEU
_erda
041 0 _atur
044 _ctu
050 _aHB171.5
_b.I94 1992
100 1 _aİyibozkurt, M. Erol.
245 1 _aİktisada giriş/
_cM. Erol İyibozkurt ; M. Erol İyibozkurt.
250 _a2. bs.
264 1 _aBursa :
_bUludağ Üniversitesi Güçlendirme Vakfı
_c1992
300 _a302 sayfa: resimli
336 _ametin
_btxt
_2rdacontent
337 _aaracısız
_bn
_2rdamedia
338 _acilt
_bnc
_2rdacarrier
490 0 _aUludağ Üniversitesi Güçlendirme Vakfı yayın no.
490 0 _a30) (U.Ü.İ.[İ].B.F.
490 0 _aİşletme İktisadı ve Muhasebe Araştırma ve Uygulama Merkezi yayın no.
490 0 _a30
500 _aKaynakça var.
650 0 _aEkonomi.
_93230
830 0 _aUludağ Üniversitesi Güçlendirme Vakfı yayın no.
_92243
830 0 _a30) (U.Ü.İ.[İ].B.F.
_98514
830 0 _aİşletme İktisadı ve Muhasebe Araştırma ve Uygulama Merkezi yayın no.
_99334
830 0 _a30
_98516
942 _2lcc
_cBK
999 _c9948
_d9948